| 000 | 00709ckm a22002055a 4500 | ||
|---|---|---|---|
| 001 | L141695 | ||
| 008 | 071213q1890 xxk eng u | ||
| 035 | _a(Sirsi) u141695 | ||
| 041 | 0 | _aeng | |
| 245 | 0 | 1 |
_a[Photograph of the houses on the site of 29 Lincoln's Inn Fields] _h[graphic] |
| 260 | _cca. 1890? | ||
| 300 |
_a1 photograph _bb&w _c19 x 29 cm. |
||
| 340 | _aPhotograph | ||
| 351 | _cSingle item | ||
| 500 | _aPhotograph shows the houses on the site prior to the erection of the headquarters of the Auctioneers' and Estate Agents' Institute. | ||
| 610 | 2 | _aChartered Auctioneers' and Estate Agents' Institute | |
| 651 | 4 | _aLondon | |
| 690 | _aABOUT RICS-RELATED ORGANISATIONS | ||
| 942 | _n0 | ||
| 999 |
_c116758 _d116758 |
||